00543nam a2200181Ii 45000010005000000030009000050080041000140400033000550410008000880840012000961000033001082450065001412640062002063000012002683360026002803370028003063380027003347551CO-ViMGA241108s9999||||xx |||||||||||||| ||und|| aCO-ViMGAbspaerdacCO-ViMGA0 aunk aC-C112t1 aEduardo Caballero Calderón10aTodo por un florero, el corneta llanero, el zapatero soldado 1a[Lugar de publicación no identificado] : Carvajal, 1969 avolumen atextbtxt2rdacontent aunmediatedbn2rdamedia avolumebnc2rdacarrier